header

What Mary Jo Shared (Record no. 262576)

MARC details
000 -LEADER
fixed length control field 00214nam a22000977a 4500
020 ## - INTERNATIONAL STANDARD BOOK NUMBER
ISBN 0590437577
100 ## - MAIN ENTRY--AUTHOR NAME
Personal name Janice May Udry
245 ## - TITLE STATEMENT
Title What Mary Jo Shared
260 ## - PUBLICATION, DISTRIBUTION, ETC. (IMPRINT)
Place of publication New York
Name of publisher Scholastic
Year of publication 1966
942 ## - ADDED ENTRY ELEMENTS (KOHA)
Koha item type Long Loan Books
Holdings
Withdrawn status Lost status Collection code Home library Current library Shelving location Date acquired Accession Number Koha item type
    Reference Rongo University Library Rongo University Library Children's Area 19/01/2024 CL20211717 Long Loan Books

© 2026 Rongo University
Contact us: librarian | system librarian | Rongo university